000 00452nab a2200145Ia 4500
003 ES-SlBCS
005 20210601125229.0
008 140529s1971 xxu||||| |||| 00| 0 eng d
041 _aeng
100 1 _aLeiber, Justin
_9155419
245 0 0 _aLinguistic Analysis and Existentialism
_c Justin Leiber
650 0 4 _aAnálisis Lingüístico
_9155700
773 0 _tPhilosophy and Phenomenological Research
_gvol. 32, 1971, págs. 47-56
_wRev1411
942 _cAR
999 _c526895
_d526895